Old forts of the Far West,

This book is the third in a series on Historical Western Military Posts, 1850-1890.

Bibliographic Details
Main Author: Hart, Herbert M.
Format: Book
Language:English
Published: Seattle, Superior Pub. Co. 1965.
Edition:[1st ed.].
Series:Hart, Herbert M. Forts of the old West ; v. 3.
Subjects:

MARC

Tag First Indicator Second Indicator Subfields
LEADER 00000cam a22000001 4500
001 in00000066282
008 711124s1965 wauabc b 001 0 eng
005 20260331144503.0
010 |a  65023448  
029 1 |a AU@  |b 000000713065 
029 1 |a DEBBG  |b BV007704102 
029 1 |a FHL  |b (UtSlFS)960067 
035 |a (OCoLC)711591 
040 |a DLC  |b eng  |c DLC  |d BTCTA  |d STF  |d NIALS  |d DEBBG  |d HALAN  |d JRG  |d OCLCO  |d OCLCF  |d OCLCQ  |d FHL  |d MFM  |d OCLCO  |d QQ3  |d MFM  |d OCL  |d COH  |d BAZ  |d OKU  |d OCLCO  |d OCLCQ  |d OCLCL  |d E8W  |d OCLCO  |d OCLCL 
043 |a n-usp-- 
050 0 0 |a UA26.W4  |b H3 
082 0 0 |a 355.7  |1 https://id.oclc.org/worldcat/ddc/E3FrQTPRVQP7b9tbKqXHCqHppW 
084 |a NK 4600  |2 rvk 
090 |a UA26.W4  |b H3 1965 
100 1 |a Hart, Herbert M.  |1 https://id.oclc.org/worldcat/entity/E39PCjrdGvRjF8bPrk6XYRXgXd 
245 1 0 |a Old forts of the Far West,  |c by Herbert M. Hart. Drawings by Paul J. Hartle. 
250 |a [1st ed.]. 
260 |a Seattle,  |b Superior Pub. Co.  |c 1965. 
300 |a 192 pages  |b illustrations, maps, portraits  |c 28 cm. 
336 |a text  |b txt  |2 rdacontent 
337 |a unmediated  |b n  |2 rdamedia 
338 |a volume  |b nc  |2 rdacarrier 
490 1 |a Historical Western military posts,  |v v. 3 
500 |a Series information from the cover. 
500 |a The Cushing Library/Dykes copy [A1485348792I] is part of the Jim & Theresa Earle Collection. 
500 |a The Cushing Library/Dykes copy [A1485348792I] is signed by author Herbert M. Hart. 
504 |a Includes bibliographical references (pages 186-189) and index. 
505 0 |a War in the Far West -- The Forts -- The Texas Line: Fort Worth, TX ; Fort Gates, TX ; Fort Croghan, TX ; Fort Graham, TX ; Fort Merrill, TX ; Fort Ewell, TX ; Posts at Austin, TX -- Civil War Western Style: Post at Albuquerque, NM ; Camp Weld, CO ; Fort Buchanan, AZ ; Fort Craig, NM ; Camp Independence, CA ; Camp Babbitt, CA ; Fort Miller, CA ; Fort Churchill, NV ; Camp Dun Glen, NV -- Column from California: Drum Barracks, CA ; Fort Yuma, CA ; Fort Lowell and Tucson, AZ ; Gila Depot and Fort West, NM ; Fort Thorn, NM ; Fort Baker, NV ; Fort Cummings, NM ; Fort Bascom, NM ; Fort Sumner, NM ; Fort Goodwin, AZ ; Fort Mason (Calabasas), AZ -- Ring Around the Golden Gate: Presidio of San Francisco ; Fort, Point, CA ; Fort Mason, CA ; Camp Yerba Buena Island, CA ; Post of Alcatraz Island, CA ; Camp Reynolds, CA -- Road Across the Mojave: Fort Mojave, AZ ; Fort Piute, CA ; Camp Rock Springs, CA ; Camp Marl Springs, CA ; Fort Soda, CA ; Camp Cady, CA -- The Mild Mister Meeker: Fort Collins, CO ; Cantonment on White River, CO ; Cantonment on the Uncompahgre, CO ; Forts Duchesne and Thornburgh, UT -- Pathfinders and Settlers: Cantonment Far West, CA ; Pope's Camp and Wells, TX ; Camp McGarry, NV ; Camp Pena Colorado, TX ; Fort Logan, CO -- Campaigning with Crook: Camp Wallen, AZ ; Fort Grand, AZ ; Fort McDowell, AZ ; Fort Verde, AZ ; Fort Apache, AZ ; Fort Thomas, AZ ; Post at Ojo Caliente, NM ; Fort Bayard, NM ; Fort Whipple, AZ ; Fort Bowie, AZ. 
520 |a This book is the third in a series on Historical Western Military Posts, 1850-1890. 
650 0 |a Military bases  |z West (U.S.) 
650 7 |a Military bases  |2 fast 
651 7 |a West United States  |2 fast 
650 7 |a Fortification  |x United States.  |2 fssh 
651 7 |a United States  |x Military history  |x Army.  |2 fssh 
651 7 |a United States, West  |x Military history.  |2 fssh 
650 7 |a Fort  |2 gnd 
651 7 |a USA  |2 gnd 
655 4 |a Nonfiction. 
655 7 |a Guidebooks  |z West (U.S.)  |y 20th century.  |2 rbmscv 
758 |i has work:  |a Old forts of the Far West (Text)  |1 https://id.oclc.org/worldcat/entity/E39PCGwbMqpkd9tHBbWYgmCgBq  |4 https://id.oclc.org/worldcat/ontology/hasWork 
776 0 8 |i Online version:  |a Hart, Herbert M.  |t Old forts of the Far West.  |b [1st ed.].  |d Seattle, Superior Pub. Co. [1965]  |w (OCoLC)655264071 
800 1 |a Hart, Herbert M.  |t Forts of the old West ;  |v v. 3. 
938 |a Baker and Taylor  |b BTCP  |n 65023448 //r882 
948 |h HELD BY TXA - 513 OTHER HOLDINGS 
994 |a Z0  |b TXA 
999 f f |s 9b32b118-9b35-328c-a061-fb607516980c  |i 5073f9f9-a50c-3b39-acf9-8c2aa774d3ca  |t 0 
952 f f |p noncirc  |a Texas A&M University  |b College Station  |c Cushing Memorial Library & Archives  |s cush dyks  |d Cushing: Dykes (Does not check out)  |t 0  |e UA26.W4 H3 1965  |h Library of Congress classification  |i unmediated -- volume  |m A1485348792I 
952 f f |p normal  |a Texas A&M University  |b College Station  |c Sterling C. Evans Library  |s Evans stk  |d Evans: Library Stacks  |t 0  |e UA26.W4 H3 1965  |h Library of Congress classification  |i unmediated -- volume  |m A14800805944 
998 f f |a UA26.W4 H3 1965  |t 0  |l Evans: Library Stacks 
998 f f |a UA26.W4 H3 1965  |t 0  |l Cushing: Dykes (Does not check out)